jealousy, jealousy - Olivia Rodrigo (All Lyrics) - Statistics

General Stats
  • This quiz has been taken 154 times
  • The average score is 226 of 319
Answer Stats
Lyrics % Correct
a
98%
I
98%
jealousy,
98%
jealousy
98%
Jealousy,
98%
be
93%
be,
93%
to
89%
me
88%
my
87%
My
87%
so
87%
the
87%
you
87%
go
85%
is
85%
win
85%
and
84%
And
84%
of
84%
too
82%
who
82%
don't
81%
all
80%
All
80%
then
80%
know
79%
are
77%
I'm
75%
in
75%
In
75%
it
74%
it,
74%
not
74%
see
74%
your
73%
But
72%
but
72%
think
71%
wanna
71%
much
70%
(He
69%
he
69%
he,
69%
he)
69%
what
69%
every
68%
myself
68%
can't
67%
car,
66%
sick
66%
Anyone,
65%
anyone
65%
good
65%
rather
65%
Rather
65%
should
65%
else
64%
else)
64%
on
64%
want
64%
like
63%
that
63%
bad
61%
Com-
61%
for
61%
friends
61%
killin'
61%
night
61%
slowly
61%
With
61%
out
60%
pretty
60%
you're
60%
'Bout
59%
boyfriend,
59%
Got
59%
let
59%
even
58%
happy
58%
I'd
58%
'Cause
57%
face,
57%
it's
57%
kids
57%
room
57%
their
57%
Their
57%
true
57%
true,
57%
across
56%
girls
55%
throw
55%
life
54%
phone
54%
them,
54%
white
54%
(Yeah)
54%
yeah,
54%
Comparison
53%
comparison
53%
cool
53%
cool,
53%
kinda
53%
Oh
52%
(Oh,
52%
oh)
52%
Oh,
52%
(Oh
52%
oh
52%
perfect
52%
teeth
52%
bodies
50%
daddy's
50%
followin'
50%
prettier,
50%
livin'
49%
nice
49%
Happier,
46%
Just
46%
paper
46%
started
46%
Started
46%
things
46%
beauty's
45%
feels
45%
loss
45%
back
43%
help
43%
up
43%
Wish
43%
lack
42%
again,
41%
didn't
40%
clothes
39%
gettin'
39%
weight
39%
care
38%
God,
38%
vacation
36%
vintage
36%
crazy
35%
everyone
35%
photos,
35%
caught
32%
stand
32%
losin'
31%
sound
31%
get's
22%
(Anybody
18%
No matching quizzes found
Score Distribution
Percent of People with Each Score
Percentile by Number Answered
Your Score History
You have not taken this quiz